Územný plán sídla - Banská Bystrica - prieskumy a rozbory . Ochrana kultúrneho dedičstva

Salvato in:
Dettagli Bibliografici
Autori principali: Ferianc , Dušan, 1966- (Autore), Lalková, Jarmila, 1942- (Autore), Urbanová, Norma (Autore)
Natura: Libro
Lingua:slovacco
Pubblicazione: Brataislava : Pamiatkový úrad, 2005
Tags: Aggiungi Tag
Nessun Tag, puoi essere il primo ad aggiungerne!!

MARC

LEADER 00000nam a22000003a 4500
001 stu153057
005 20150617230010.2
008 071203s2005------------------------slo-d
040 |a STU  |b slo 
041 0 |a slo 
100 1 |a Ferianc , Dušan,  |d 1966-  |4 aut  |u A1110  |9 34  |U FAD Fakulta architektúry  |T FA Ústav architektúry obytných budov  |X 338  |U A1110  |Y 392  |7 A000000338 
245 1 |a Územný plán sídla - Banská Bystrica - prieskumy a rozbory . Ochrana kultúrneho dedičstva 
260 |a Brataislava :  |b Pamiatkový úrad,  |c 2005 
300 |a s 163-190  |c tabuľková a graf. časť 
700 1 |a Lalková, Jarmila,  |d 1942-  |4 aut  |u A3130  |9 33  |U FAD Fakulta architektúry  |T FA Ústav dejín a teórie architektúry a obnovy pamiatok  |X 383  |U A3130  |Y 394  |7 A000000383 
700 1 |a Urbanová, Norma  |4 aut  |9 33